000 00845nam a2200217Ia 4500
001 11418
003 GE_BSU
008 181216s||||||||xx |||||||||||||| ||und||
040 _cGE_BSU
080 _a578+577
100 _aსტენლი.უ; ე.ველენსი.
245 _aვირუსები და სიცოცხლის ბუნება.
245 _cრედ:ნ.ქართველიშვილი;მხატვ:ა.შიპოვი;თარგმნა ალექსი მთვარელიძემ.
260 _aთბილისი.
260 _bნაკადული.
260 _c1969.
300 _a239გვ;20სმ.
300 _e27 ფოტოსურათი.
653 _aვირუსები და სიცოცხლის ბუნება.
942 _cBK
999 _c44615
_d44615